Tv show by picture #1 - Statistics

General Stats
  • This quiz has been taken 51 times
  • The average score is 6 of 16
Answer Stats
Picture Answer % Correct
friends
100%
Suits
52%
Duck Tales
50%
the Nanny
46%
Hannah Montana
41%
Mad men
41%
Crown
37%
Gilmore girls
35%
Bones
33%
How I met your mother
33%
NCIS
33%
The Rookie
33%
Gossip girl
30%
911
22%
Castle
20%
Mandalorian
9%
No matching quizzes found
Score Distribution
Percent of People with Each Score
Percentile by Number Answered
Your Score History
You have not taken this quiz